<?xml version="1.0" encoding="UTF-8"?>
<record
    xmlns:xsi="http://www.w3.org/2001/XMLSchema-instance"
    xsi:schemaLocation="http://www.loc.gov/MARC21/slim http://www.loc.gov/standards/marcxml/schema/MARC21slim.xsd"
    xmlns="http://www.loc.gov/MARC21/slim">

  <leader>02729nam a2200373   4500</leader>
  <controlfield tag="003">OSt</controlfield>
  <controlfield tag="005">20260513120453.0</controlfield>
  <controlfield tag="008">260513b        |||||||| |||| 00| 0 aze d</controlfield>
  <datafield tag="020" ind1=" " ind2=" ">
    <subfield code="a">9789952453218</subfield>
  </datafield>
  <datafield tag="040" ind1=" " ind2=" ">
    <subfield code="a">AZ-XaKU</subfield>
    <subfield code="b">aze</subfield>
    <subfield code="c">AZ-XaKU</subfield>
  </datafield>
  <datafield tag="041" ind1="0" ind2=" ">
    <subfield code="a">aze</subfield>
  </datafield>
  <datafield tag="050" ind1="1" ind2="4">
    <subfield code="a">TJ230 .M680 2022</subfield>
  </datafield>
  <datafield tag="100" ind1="1" ind2=" ">
    <subfield code="a">Mirz&#x259;yev, H&#xFC;seyn,</subfield>
    <subfield code="e">m&#xFC;&#x259;llif.</subfield>
  </datafield>
  <datafield tag="245" ind1="1" ind2=" ">
    <subfield code="a">Ma&#x15F;&#x131;n hiss&#x259;l&#x259;ri v&#x259; konstruksiya etm&#x259;nin &#x259;saslar&#x131;</subfield>
    <subfield code="b">: Laboratoriya i&#x15F;l&#x259;ri</subfield>
    <subfield code="c">/ H&#xFC;seyn Mirz&#x259;yev, &#x130;ftixar &#xC7;&#x259;l&#x259;bi, B&#x259;yal&#x131; &#x18F;hm&#x259;dov ; elmi redaktor H.&#x130;.Mirz&#x259;yev ; r&#x259;y ver&#x259;nl&#x259;r A.H.Abdullayev, A.D.&#x18F;hm&#x259;dov</subfield>
  </datafield>
  <datafield tag="250" ind1=" " ind2=" ">
    <subfield code="a">I n&#x259;&#x15F;r</subfield>
  </datafield>
  <datafield tag="264" ind1=" " ind2=" ">
    <subfield code="a">Bak&#x131;:</subfield>
    <subfield code="c">2001.</subfield>
  </datafield>
  <datafield tag="300" ind1=" " ind2=" ">
    <subfield code="a">120 s&#x259;hif&#x259;;</subfield>
    <subfield code="b">&#x15F;&#x259;kil, c&#x259;dv&#x259;l, </subfield>
    <subfield code="c">20 sm. </subfield>
  </datafield>
  <datafield tag="336" ind1=" " ind2=" ">
    <subfield code="a">text</subfield>
    <subfield code="b">txt</subfield>
    <subfield code="2">rdacontent</subfield>
  </datafield>
  <datafield tag="337" ind1=" " ind2=" ">
    <subfield code="a">unmediated</subfield>
    <subfield code="b">n</subfield>
    <subfield code="2">rdamedia</subfield>
  </datafield>
  <datafield tag="338" ind1=" " ind2=" ">
    <subfield code="a">volume </subfield>
    <subfield code="b">nc</subfield>
    <subfield code="2">rdacarrier</subfield>
  </datafield>
  <datafield tag="500" ind1=" " ind2=" ">
    <subfield code="a">Bak&#x131; M&#xFC;h&#x259;ndislik Universitetinin 22.11.2019-cu il tarixli 2187 n&#xF6;mr&#x259;li &#x259;mri il&#x259; bakalavriat s&#x259;viyy&#x259;si &#xFC;&#xE7;&#xFC;n d&#x259;rs v&#x259;saiti kimi n&#x259;&#x15F;r h&#xFC;ququ (qrif) verilmi&#x15F;dir.</subfield>
  </datafield>
  <datafield tag="504" ind1=" " ind2=" ">
    <subfield code="a">&#x18F;d&#x259;biyyat siyah&#x131;s&#x131;: s. 113</subfield>
  </datafield>
  <datafield tag="505" ind1="0" ind2=" ">
    <subfield code="a">&#xD6;n S&#xF6;z -- 1. Di&#x15F;li &#xC7;arxlar&#x131;n Konstruksiyalar&#x131; -- 2. Reduktorlar&#x131;n Konstruksiyalar&#x131; -- 3. Diyirl&#x259;nm&#x259; S&#xFC;rt&#xFC;nm&#x259;si Yast&#x131;qlar&#x131;n&#x131;n Konstruksiyalar&#x131; -- 4. Muftalar&#x131;n Konstruksiyalar&#x131; -- 5. Yiv Birl&#x259;&#x15F;m&#x259;sind&#x259; S&#xFC;rt&#xFC;nm&#x259; Momenti V&#x259; &#x18F;msal&#x131;n&#x131;n T&#x259;yini -- 6. Qay&#x131;&#x15F; &#xD6;t&#xFC;rm&#x259;sinin H&#x259;nd&#x259;si &#xD6;l&#xE7;&#xFC;l&#x259;rinin T&#x259;yini -- 7. Z&#x259;ncir &#xD6;t&#xFC;rm&#x259;sinin H&#x259;nd&#x259;si Parametrl&#x259;rinin T&#x259;yini -- 8. Diyirl&#x259;nm&#x259; S&#xFC;rt&#xFC;nm&#x259;si Yast&#x131;qlar&#x131;n&#x131;n T&#x259;dqiqi -- 9. S&#xFC;r&#xFC;&#x15F;m&#x259; S&#xFC;rt&#xFC;nm&#x259;si Yast&#x131;qlar&#x131;nda S&#xFC;rt&#xFC;nm&#x259; Momentinin T&#x259;yini.</subfield>
  </datafield>
  <datafield tag="520" ind1="0" ind2=" ">
    <subfield code="a">D&#x259;rs v&#x259;saitind&#x259; ali texniki m&#x259;kt&#x259;bl&#x259;rd&#x259; t&#x259;dris olunan &#x201C;Ma&#x15F;&#x131;n hiss&#x259;l&#x259;ri v&#x259; konstruksiya etm&#x259;nin &#x259;saslar&#x131;&#x201D;, &#x201C;Mexanika&#x201D;, &#x201C;T&#x259;tbiqi mexanika&#x201D;, &#x201C;Texniki mexanika&#x201D;, &#x201C;Ma&#x15F;&#x131;nlar&#x131;n yarad&#x131;lmas&#x131;n&#x131;n texniki &#x259;saslar&#x131;&#x201D;, &#x201C;Ma&#x15F;&#x131;n, qur&#x11F;u v&#x259; avadanl&#x131;qlar&#x131;n layih&#x259;l&#x259;ndirilm&#x259;si&#x201D; v&#x259; s. kimi mexanika y&#xF6;n&#xFC;ml&#xFC; f&#x259;nl&#x259;r &#xFC;zr&#x259; 12 laboratoriya i&#x15F;i toplanm&#x131;&#x15F;d&#x131;r. Kitabda h&#x259;r bir laboratoriya i&#x15F;in&#x259; aid q&#x131;sa, amma &#x259;hat&#x259;li n&#x259;z&#x259;ri m&#x259;lumat, laboratoriya i&#x15F;l&#x259;rinin apar&#x131;lma qaydalar&#x131; v&#x259; hesablama i&#x15F;l&#x259;rind&#x259; t&#x259;l&#x259;b olunan z&#x259;ruri sor&#x11F;u material&#x131; verilmi&#x15F;dir.</subfield>
  </datafield>
  <datafield tag="521" ind1=" " ind2=" ">
    <subfield code="a">Kitab ali texniki m&#x259;kt&#x259;bl&#x259;rd&#x259; t&#x259;dris alan t&#x259;l&#x259;b&#x259;l&#x259;r &#xFC;&#xE7;&#xFC;n n&#x259;z&#x259;rd&#x259; tutulmu&#x15F;dur, o h&#x259;m&#xE7;inin bu f&#x259;nni t&#x259;dris ed&#x259;n m&#xFC;&#x259;lliml&#x259;r &#xFC;&#xE7;&#xFC;n d&#x259; faydal&#x131; ola bil&#x259;r.</subfield>
  </datafield>
  <datafield tag="650" ind1=" " ind2="7">
    <subfield code="a">Ma&#x15F;&#x131;nqay&#x131;rma</subfield>
    <subfield code="2">AZ-XaKU</subfield>
  </datafield>
  <datafield tag="655" ind1=" " ind2=" ">
    <subfield code="2">Az-XaKU</subfield>
    <subfield code="a">D&#x259;rs v&#x259;saiti</subfield>
  </datafield>
  <datafield tag="700" ind1="1" ind2=" ">
    <subfield code="a">&#xC7;&#x259;l&#x259;bi, &#x130;ftixar, </subfield>
    <subfield code="e">m&#xFC;&#x259;llif. </subfield>
  </datafield>
  <datafield tag="700" ind1="1" ind2=" ">
    <subfield code="a">&#x18F;hm&#x259;dov, B&#x259;yal&#x131;,</subfield>
    <subfield code="e">m&#xFC;&#x259;llif.</subfield>
  </datafield>
  <datafield tag="700" ind1="1" ind2=" ">
    <subfield code="a">Abdullayev, A.H.,</subfield>
    <subfield code="e">r&#x259;y&#xE7;i.</subfield>
  </datafield>
  <datafield tag="700" ind1="1" ind2=" ">
    <subfield code="a">&#x18F;hm&#x259;dov, A.D.,</subfield>
    <subfield code="e">r&#x259;y&#xE7;i.</subfield>
  </datafield>
  <datafield tag="942" ind1=" " ind2=" ">
    <subfield code="c">BOOK</subfield>
  </datafield>
  <datafield tag="999" ind1=" " ind2=" ">
    <subfield code="c">439</subfield>
    <subfield code="d">439</subfield>
  </datafield>
  <datafield tag="952" ind1=" " ind2=" ">
    <subfield code="0">0</subfield>
    <subfield code="1">0</subfield>
    <subfield code="2">lcc</subfield>
    <subfield code="4">0</subfield>
    <subfield code="7">0</subfield>
    <subfield code="8">GC</subfield>
    <subfield code="a">KU</subfield>
    <subfield code="b">KU</subfield>
    <subfield code="d">2026-05-13</subfield>
    <subfield code="l">0</subfield>
    <subfield code="o">TJ230 .M680 2022</subfield>
    <subfield code="p">0000000343</subfield>
    <subfield code="r">2026-05-13 12:05:57</subfield>
    <subfield code="t">1</subfield>
    <subfield code="w">2026-05-13</subfield>
    <subfield code="y">BOOK</subfield>
  </datafield>
</record>
